000 00311nam a2200133Ia 4500
008 231129s1976||||xx |||||||||||||| ||spa||
040 _bspa
082 _aCo861 C962e
100 _aCubillos Hernan
245 0 _aEspejismos
260 _c1976
264 _aImprenta Departamental de Caldas
942 _2ddc
_cBKS
999 _c13440
_d13440